BIBLIOTHÈQUE DE LA MAISON DU MEXIQUE

Logo 1 Logo 2

El sistema de haciendas en Tlaxcala (notice nᵒ 8390)

détails MARC
000 -Sello discográfico
campo de control de longitud fija 00890nam a2200301 4500
005 - Identificación de versión
campo de control 20251028094352.0
010 ## - Número Estándar Internacional de Libros (ISBN)
Número (ISBN) 968-29-2816-8
035 ## - Otros números de control del sistema
Número de control del sistema 29252
099 ## - fechas locales
Tipo de ítem Koha LIBRO
100 ## - Datos de procesamiento general
Datos de procesamiento general 20021008d1990 m y1spay5003 ba
101 ## - Idioma del recurso
Idioma del texto, banda sonora, etc. Español; Castellano
105 ## - Campo de datos codificados: Material textual, monográfico
Datos codificados de monografía y 001zy
200 1# - Título y mención de responsabilidad
Título propio El sistema de haciendas en Tlaxcala
Designación general del material texto impreso
Primer mención de responsabilidad Mario Ramírez Rancaño
205 ## - Declaración de edición
Declaración de edición 1a ed
210 ## - Publicación, distribución, etc.
Lugar de publicación, distribución, etc. México
Nombre del editor, distribuidor, etc. Consejo Nacional para la Cultura y las Artes
Fecha de publicación, distribución, etc. 1990
215 ## - Descripción física
Designación de material específico y extensión del ítem 292 p
Dimensiones 21 cm
320 ## - Nota de índices/bibliografías internas
Texto de la nota Bibliografía: p.285-292
345 ## - Nota de información de adquisición
Fuente de adquisición/dirección de la suscripción [OBSOLETO] Donación
410 #1 - Series
Título Regiones
606 ## - Término temático usado como materia
Elemento de entrada Haciendas
Subdivisión geográfica Tlaxcala (México)
Número Koha 6685
660 ## - Código de área geográfica
Código MX
700 ## - Nombre personal - Responsabilidad primaria
Elemento de entrada Ramírez Rancaño
Parte del nombre distinta del elemento de entrada Mario
Número Koha 4251
801 #0 - Fuente de origen
País FR
Agencia cm
Reglas de catalogación (convenciones descriptivas) AFNOR
856 ## - Localización electrónica y acceso
Identificador Uniforme de Recurso https://casamexico.koha.es/cgi-bin/koha/opac-retrieve-file.pl?id=ea0da03212ad80d6380171e7a4f5e9c5
942 ## - ELEMENTOS DE ENTRADA SECUNDARIOS (KOHA)
Tipo de ítem Koha Livre
Exemplaires
Estatus retirado Estado de daño Estado de pérdida Fecha de adquisición Biblioteca de origen Biblioteca actual Ubicación en estantería Código de barras Precio de reemplazo Signatura topográfica completa No para préstamo Tipo de ítem Koha Nota pública Nota no pública
      05/08/2025 Casa México Paris Casa México Paris   005262 05/08/2025 917.2 R336 V.59   Livre 20210722LIV 751145101